000 02431nam a2200289 i 4500
001 154208
003 ES-MaACL
005 20231222194546.0
008 940301m18411846sp acf |||| |cspa d
080 _a929(460)"18"
245 0 0 _aGalería de españoles célebres contemporáneos
_bo Biografías y retratos de todos los personages [sic] distinguidos de nuestros días en las ciencias, en la politica, en las armas, en las letras y en las artes /
_cpublicadas por Nicomedes Pastor Díaz, y Francisco de Cárdenas.
246 3 _aBiografías y retratos de todos los personajes distinguidos de nuestros días en las ciencias, en la política, en las armas, en las letras y en las artes
260 _aMadrid :
_b[s.n.],
_c1841-1846 (
_fImp. de Sanchiz)
300 _a9 t. en 4 v. :
_b[35] h. de lám., retr. ;
_c19 cm.
505 8 _aContiene: 1 [t. I-IV]. Agustín Argüelles, Alejandro Aguado, Juan Bravo Murillo, Diego Clemencín, Martín Fernández de Navarrete, José María Queipo de Llano, conde de Toreno, Manuel Montes de Oca - 2 [t. V-VI]. Baldomero Espartero, La reina Doña María Cristina de Borbón, Carlos María Isidro de Borbón, Salustiano de Olózaga, Manuel de Boria, Francisco Serrano y Domínguez, Joaquín Francisco Pacheco, José Zorrilla, Federico de Madrazo, Luis Fernández de Córdova, Juan Eugenio Hartzenbusch, Juan Donoso Cortés - 3 [t. VII]. General Maroto, José García Luna, Félix José Reinoso, Pedro Castelló, Agustín Durán, José Musso y Valiente - 4 [t. VIII-IX]. Carlos Latorre, Juan Nicasio Gallego, El Marqués viudo de Pontejos, Alberto Lista, Mariano José de Larra, Félix Torres Amat, Villacampa, Alejandro Oliván, Manuel Pérez Hernández, Zumalacárregui, Rubí, Manuel Godoy
530 _aDisponible en formato digital.
596 _aT. II imp. por: Vicente de Lalama ; t. III-IX imp. por: Ignacio Boix.
597 _aCada personaje tiene diferente numeración.
599 _aLám.: retratos de los biografiados.
650 0 4 _aEspañoles-
_yS.XIX-
_xBiografías.
_912478
700 1 _aDíaz, Nicomedes Pastor,
_d1811-1863
_944150
700 1 _aCárdenas, Francisco de,
_d1816-1898
_935138
852 _aES-MaACL
_jG-619-22
856 _uhttp://hdl.handle.net/11169/8226
_zBiblioteca Digital Floridablanca
856 _uhttp://bibliotecavirtual.larioja.org/bvrioja/i18n/consulta/registro.do?id=532
_zBiblioteca Virtual de La Rioja
999 _c154208
_d154208